| 000 | 00614nam a2200217 a 4500 | ||
|---|---|---|---|
| 008 | 980612s1998 xo aap r yy 0 slo c | ||
| 020 |
_a808882477X _cDar |
||
| 040 |
_aSNK _bslo _cSNK _eAACR2 |
||
| 041 | 1 |
_aslo _acze |
|
| 044 |
_axo _cSK |
||
| 080 | _a616-053.2:616.91 | ||
| 080 | _a616.91 | ||
| 245 | 1 | 0 |
_aHorúčka a jej liečba u detí _cJán Buchanec a kolektív |
| 260 |
_aMartin _bOsveta _cc1998 |
||
| 300 |
_a79 s. _bfotogr., sch., tab. _c21 cm |
||
| 500 | _aČiast. text čes. | ||
| 504 | _aBibliogr. odkazy | ||
| 650 | 0 | 7 |
_ahorúčky _xdeti _xliečba _2SNK |
| 700 | 1 |
_aBuchanec, Ján _4aut |
|
| 958 | _aAPP | ||
| 999 |
_c19939 _d19939 |
||